| 000 | 01665nam0a2200361 4500 | ||
|---|---|---|---|
| 001 | RU\NLR\bibl\115068 | ||
| 005 | 20251008233559.0 | ||
| 010 |
_a5-7253-0368-3 _9500 |
||
| 021 |
_aRU _b2000-26500 _91249 |
||
| 035 | _a(NLR Aleph) 000112671 | ||
| 090 |
_a639567 _c639567 |
||
| 100 | _a20001027d2000 k y0rusy50 ca | ||
| 101 | 0 | _arus | |
| 102 | _aRU | ||
| 105 | _ay ||||||||| | ||
| 200 | 1 |
_aСоциальные проблемы населения Восточной Сибири (1940-1950 гг.) _fА.В. Шалак _gМ-во образования Рос. Федерации, Иркут. гос. экон. акад. |
|
| 210 |
_aИркутск _cИзд-во ИГЭА _d2000 |
||
| 215 |
_a356 с. _d20 |
||
| 320 | _aБиблиогр. в примеч.: с. 277-320 | ||
| 606 | 0 |
_aНаселение _xСоциальный состав _yСибирь Восточная _z1940 - 1950-ые гг. _3RU\NLR\auth\661312359 |
|
| 686 | _aС73(2Р54)-232 | ||
| 700 | 1 |
_aШалак _bА. В. _gАлександр Васильевич _4070 |
|
| 801 | 0 |
_aRU _bNLR _c20001027 _gPSBO |
|
| 801 | 1 |
_aRU _bNLR _c20001027 |
|
| 852 |
_aNLR _j2000-3/12642 |
||
| 856 | 4 |
_lSV_MBA _tVIEW _uhttps://webservices.nlr.ru/viewer/file?name=p000112671_002.jpg _x001 _yСтраница |
|
| 856 | 4 |
_lSV_MBA _tVIEW _uhttps://webservices.nlr.ru/viewer/file?name=p000112671_003.jpg _x002 _yСтраница |
|
| 856 | 4 |
_lSV_MBA _tVIEW _uhttps://webservices.nlr.ru/viewer/file?name=p000112671_004.jpg _x003 _yСтраница |
|
| 856 | 4 | 1 |
_lSV_MBA _tVIEW _uhttps://webservices.nlr.ru/viewer/file?name=t000112671_001.jpg _yОбложка |
| 942 | _cBOOK | ||
| 980 | _aNB | ||